书目信息 |
| 题名: |
励志哲学
|
|
| 作者: | 马尔腾 著 ;曹孚 译 | |
| 分册: | ||
| 出版信息: | 上海 上海社会科学院出版社 2017 |
|
| 页数: | 186页 | |
| 开本: | 23cm | |
| 丛书名: | 民国西学要籍汉译文献 | |
| 单 册: | ||
| 中图分类: | B822.9 | |
| 科图分类: | ||
| 主题词: | 职业道德 | |
| 电子资源: | ||
| ISBN: | 978-7-5520-1758-8 | |
| 000 | 01026oam2 2200289 450 | |
| 001 | 012001004190 | |
| 005 | 20140928162349.0 | |
| 010 | @a978-7-5520-1758-8@b精装@dCNY68.00 | |
| 100 | @a20170802d2017 em y0chiy50 ea | |
| 101 | 1 | @achi@ceng |
| 102 | @aCN@b310000 | |
| 105 | @ay z 000yy | |
| 106 | @ar | |
| 200 | 1 | @a励志哲学@9li zhi zhe xue@f(美)马尔腾著@g曹孚译 |
| 210 | @a上海@c上海社会科学院出版社@d2017 | |
| 215 | @a186页@d23cm | |
| 225 | 2 | @a民国西学要籍汉译文献@i哲学@h第一辑@v11 |
| 300 | @a中国国家图书馆藏 | |
| 330 | @a本书是美国的马尔藤博士著书,大多是极力和鼓舞青年的文字,为文鞭辟入里,令人百读不厌。本书正是他的代表作品,是激励青年人的志气,兴奋青年人的精神,使青年人脱离烦闷、悲观、消极、颓唐之中,以努力于正轨的生活。 | |
| 461 | 0 | @12001 @a民国西学要籍汉译文献 |
| 462 | 0 | @12001 @a哲学 |
| 606 | 0 | @a职业道德 |
| 690 | @aB822.9@v5 | |
| 701 | 1 | @c(美)@a马尔腾@9ma er teng@c(Marden, O. S.)@4著 |
| 702 | 0 | @a曹孚@9cao fu@4译 |
| 801 | 0 | @aCN@b上海新华@c20180901 |
| 905 | @b1164487-91@dB822.9@e1273@f5 | |
| 励志哲学/(美)马尔腾著/曹孚译.-上海:上海社会科学院出版社,2017 |
| 186页;23cm.-(民国西学要籍汉译文献.哲学.第一辑;11) |
| 中国国家图书馆藏 |
| ISBN 978-7-5520-1758-8(精装):CNY68.00 |
| 本书是美国的马尔藤博士著书,大多是极力和鼓舞青年的文字,为文鞭辟入里,令人百读不厌。本书正是他的代表作品,是激励青年人的志气,兴奋青年人的精神,使青年人脱离烦闷、悲观、消极、颓唐之中,以努力于正轨的生活。 |
| ● |
| 相关链接 |
|
|
|
|
正题名:励志哲学
索取号:B822.9/1273
 
预约/预借
| 序号 | 登录号 | 条形码 | 馆藏地/架位号 | 状态 | 备注 |
| 1 | 1164487 | 211644871 | 第一样本阅览室/ [索取号:B822.9/1273] | 在馆 | |
| 2 | 1164488 | 211644880 | 密集书库-文学院/ [索取号:B822.9/1273] | 在馆 | |
| 3 | 1164489 | 211644899 | 第一借阅区/ [索取号:B822.9/1273] | 在馆 | |
| 4 | 1164490 | 211644906 | 第一借阅区/ [索取号:B822.9/1273] | 在馆 | |
| 5 | 1164491 | 211644915 | 第一借阅区/ [索取号:B822.9/1273] | 在馆 |